000 01234nam a2200373 i 4500
001 4977
003 KOSZ 005
005 20210413135532.0
008 020718s1978 pl a |000 0 pol
015 _aPB 1978/6862
035 _a(OCoLC)830323115
040 _aWA N
_cWA N
_dKOSZ 005/HR
045 _ad1978
046 _k1978
080 _a349.442(438)
245 0 0 _aKodeks budowlany :
_bprzepisy i objaśnienia /
_czebrał i oprac. Ludwik Bar.
250 _aWyd. 5 /
_bstan prawny na dzień 15 kwietnia 1978 r.
260 _aWarszawa :
_bWydaw. Prawnicze,
_c1978.
300 _a727 s. :
_btab. ;
_c25 cm.
336 _2rdacontent
_aTekst
_btxt
337 _2rdamedia
_aBez urządzenia pośredniczącego
_bn
338 _2rdacarrier
_aWolumin
_bnc
380 _aKsiążki
388 _a1901-2000
388 _a1945-1989
650 4 _aPrawo budowlane
658 _aArchitektura i budownictwo
658 _aPrawo i wymiar sprawiedliwości
651 4 _aPolska
710 2 _aWydawnictwo Prawnicze
_4pbl.
700 1 _aBar, Ludwik
_d(1906-1999)
_eOpracowanie
856 _uhttp://koha.tu.koszalin.pl/cgi-bin/koha/opac-detail.pl?biblionumber=4977
_yKatalog online BPK
942 _2UKD
_cKS
999 _c4977
_d4977